[Event "XVIII Najdorf Open 2018"]
[Site "Warsaw"]
[Date "2018.07.09"]
[Round "2"]
[White "Kosakowski, Jakub"]
[Black "Tomczak, Jacek"]
[Result "0-1"]
[WhiteElo "2324"]
[BlackElo "2600"]
[Annotator "TA"]
[PlyCount "112"]
[EventDate "2018.07.08"]
[EventCountry "POL"]
[SourceTitle "playchess.com"]
[Source "ChessBase"]
[SourceQuality "1"]

{[%evp 14,112,40,50,53,29,30,32,48,43,41,21,37,36,40,34,13,0,0,0,0,0,0,0,8,0,0,1,15,15,15,12,18,20,26,28,30,0,0,-13,-7,-9,-1,-14,-7,-3,-2,-22,-25,-38,-36,-46,-6,-51,-28,-31,-28,-85,-85,-96,-12,-98,-65,-173,-172,-168,-108,-116,-112,-120,-120,-112,-114,-106,-105,-91,-85,-184,0,-78,0,-83,-83,-83,-77,-83,-78,-83,-77,-83,-77,-83,-83,-106,-106,-106,-84,-93,-93,-29980,-29981]} 1. e4 c5 2. Nf3 Nf6 3. e5 Nd5 4. Nc3 Nxc3 5. dxc3 Nc6 6. Bd3 {B29: Sicilian: 2 Nf3 Nf6 (Nimzowitsch Variation)} (6. Bc4 e6 7. Bf4 Qb6 8. Nd2 Qxb2 9. Ne4 Qb6 10. Qg4 Na5 11. Be2 Qb2 12. O-O Qxc2 13. Qf3 Qa4 14. Rab1 a6 15. Rfd1 {1-0 (27) Amin,B (2693)-Gordievsky,D (2622) Wijk aan Zee 2018}) 6... Qc7 7. Qe2 e6 8. Bf4 {LiveBook: 5 Games. White is slightly better.} h6 9. O-O-O a6 $146 ({Predecessor:} 9... b6 10. Nd2 Bb7 11. Nc4 b5 12. Nd6+ Bxd6 13. exd6 Qa5 14. Bxb5 Qxa2 {½-½ (32) Sax,G (2584)-Kunin,V (2424) Deizisau 2002}) 10. g4 {[%cal Bg2g4,Bg4g5,Bg5h6][%mdl 32]} b5 11. g5 Bb7 12. Be4 g6 13. gxh6 f5 $1 {[%cal Rf5e4]} 14. Bxc6 $1 Qxc6 15. Nh4 {Qe3 is the strong threat.} Qe4 $1 {[%cal Re4e2]} 16. Qxe4 $1 (16. Qd2 $2 Qxf4 17. Qxf4 Bxh6 $19) 16... Bxe4 17. Rhg1 Bxh6 18. Nxg6 O-O-O 19. Bxh6 Rxh6 20. h4 Kc7 21. Rg5 f4 22. h5 Bf3 23. Rdg1 (23. Nxf4 $2 Bxd1 24. Kxd1 Rf8 $19) 23... Bxh5 24. Nxf4 Bf3 25. R5g3 (25. Rg7 {with more complications.} Kb6 26. Rf7 Bc6 27. b4 c4 28. Ne2) 25... Bc6 26. Rh3 (26. Rg7 {is interesting.} Rf8 27. Nd3 c4 28. Nc5 Rxf2 29. b3) 26... Rxh3 27. Nxh3 $11 {[%mdl 4096] Endgame KRB-KRN} Rh8 28. Rg3 Be4 29. Kd2 Bf5 30. Ng1 Rh2 31. Ke3 Rh1 32. b4 Kc6 33. bxc5 Kxc5 34. Rg7 Bxc2 35. Ne2 (35. Nf3 $1 $11) 35... Rh7 $17 36. Rg8 Kd5 (36... Bb1 $17 37. a3 Rh5) 37. f4 (37. Ra8 $11) 37... Bb1 38. Ra8 (38. Ng1 $15) 38... Rh3+ $19 ({Not} 38... Bxa2 39. Rxa6 Bb3 40. Rd6+ Kc5 41. Ng3 $11) 39. Kd2 {[#]} Bxa2 (39... Rd3+ $1 $19 40. Ke1 Bxa2) 40. Rxa6 $17 Bc4 41. Rd6+ Ke4 42. Rd4+ Kf5 {White must now prevent ...Rh2.} 43. Nc1 Kg4 44. Kc2 Rh2+ 45. Kd1 {[#]} (45. Kb1 $17) 45... Rh3 (45... Kf3 $1 $19 {aiming for ...Ke3.} 46. Rxd7 Kxf4 47. Nd3+ Ke3) 46. Kc2 Kf5 (46... Rf3 $17 47. Nb3 Rf2+ 48. Nd2 Bd5) 47. Rxd7 (47. Kd2 $1 $11 {keeps the balance.}) 47... Kxf4 48. Nb3 Rh2+ 49. Nd2 Kxe5 50. Kd1 {And now Nf3+ would win.} Bd5 51. Rd8 Rg2 52. Rb8 Kf4 {Strongly threatening ...Ke3.} 53. Rxb5 Ke3 54. Nb3 Kd3 {[%cal Rg2g1]} 55. Nc1+ Kxc3 {Hoping for ...Rg1+.} 56. Ne2+ $2 {[%mdl 8192]} (56. Rc5+ $17 Bc4 57. Re5) 56... Rxe2 {Precision: White = 40%, Black = 68%.} 0-1

[Event "XVIII Najdorf Open 2018"]
[Site "Warsaw"]
[Date "2018.07.09"]
[Round "2"]
[White "Kowalski, Igor"]
[Black "Salem, A.r. Saleh"]
[Result "0-1"]
[WhiteElo "2324"]
[BlackElo "2642"]
[Annotator "TA"]
[PlyCount "80"]
[EventDate "2018.07.08"]
[EventCountry "POL"]
[SourceTitle "playchess.com"]
[Source "ChessBase"]
[SourceQuality "1"]

{[%evp 27,80,12,8,9,27,0,0,-24,-16,-26,0,0,0,0,6,0,0,-25,7,0,2,10,0,0,0,0,0,-7,0,0,0,-16,-16,-16,-15,-16,0,0,0,0,0,-71,-62,-226,-192,-639,-639,-639,-639,-1051,-624,-607,-568,-1050,-1020]} 1. d4 d5 2. c4 e6 3. Nc3 c5 4. cxd5 exd5 5. Nf3 Nc6 6. g3 Nf6 7. Bg2 Be7 8. O-O O-O 9. dxc5 Bxc5 10. Bg5 d4 11. Ne4 Be7 12. Nxf6+ Bxf6 13. Bxf6 Qxf6 14. Qd2 {D34: Damengambit (Tarrasch-Verteidigung, Hauptvariante)} (14. b4 Rd8 15. b5 Ne5 16. Rc1 Bg4 17. Nxd4 Rxd4 18. Qxd4 Nf3+ 19. exf3 Qxd4 20. fxg4 Qb6 21. Rfd1 Qxb5 {½-½ (81) Aronian,L (2797)-Wang,Y (2720) Beijing 2014}) 14... Bg4 {[%cal Bc8g4,Bg4h5,Bh5g6][%mdl 32] LiveBook: 3 Partien} 15. h3 Bh5 16. Ng5 {Weiß hat minimalen Vorteil.} Qe7 $146 ({Vorgänger:} 16... Rfe8 17. Ne4 Qe7 18. g4 Bg6 19. Ng3 Rad8 20. Rac1 Rd6 21. Rc4 d3 {0-1 (53) Radulov,I (2389)-Halkias,S (2494) Antalya 2001}) 17. g4 Bg6 18. f4 {[%cal Bf2f4,Bf4f5][%mdl 32]} h6 (18... f6 $5 {[%cal Rf6g5]} 19. Bd5+ Kh8 $11) 19. Bxc6 $1 bxc6 20. Nf3 $1 c5 21. f5 Bh7 22. b4 Rad8 23. bxc5 Qxc5 24. Rac1 Qb6 25. Kg2 Rfe8 26. Rf2 Kh8 27. Rc4 d3 28. exd3 f6 29. Re2 Bg8 30. Rxe8 Rxe8 31. Rd4 Qc6 32. Kg3 Kh7 33. h4 Bd5 34. Rf4 (34. Qf4 $11) 34... Qb6 $17 {[%mdl 1024] Schwarz hat starke Kompensation.} 35. d4 $2 (35. Nd4 $15) 35... Qd6 36. Kg2 $2 (36. g5) 36... Qa3 $19 {Schwarz steht klar auf Gewinn.} 37. Kf2 Rb8 {[#] Weiss muss nun ...Tb2 beachten.} 38. Qe1 Rb2+ 39. Kg3 Qxa2 {( -> ...Tg2+)} 40. Qg1 Qa3 {Precision: Weiß = 39%, Schwarz = 81%.} 0-1

[Event "XVIII Najdorf Open 2018"]
[Site "Warsaw"]
[Date "2018.07.09"]
[Round "2"]
[White "Miroshnichenko, Pavel"]
[Black "Rudzinska, Michalina"]
[Result "1-0"]
[WhiteElo "2304"]
[BlackElo "2111"]
[Annotator "TA"]
[PlyCount "227"]
[EventDate "2018.07.08"]
[EventCountry "POL"]
[SourceTitle "playchess.com"]
[Source "ChessBase"]
[SourceQuality "1"]

{[%evp 23,227,0,0,0,13,0,25,24,15,0,4,0,0,0,0,-3,22,14,32,24,64,64,49,52,60,40,54,44,85,72,86,52,79,54,53,41,31,18,44,44,38,18,3,0,53,45,53,57,56,54,63,59,72,71,72,51,59,64,69,71,125,65,76,49,60,44,84,69,81,101,77,55,62,62,68,69,70,69,68,70,62,71,71,64,67,30,33,35,26,0,0,-7,0,0,0,0,0,-67,4,4,4,7,42,42,42,42,42,42,42,42,42,42,42,0,42,42,42,39,42,42,42,42,42,42,42,42,42,42,42,42,42,42,42,42,42,40,92,92,343,336,331,320,308,273,372,369,357,355,333,181,187,191,197,202,178,188,467,460,427,141,179,140,136,137,124,135,133,39,305,305,305,305,305,303,7417,6406,29963,7417,29975,29976,29976,29977,29977,29978,29978,29979,29979,29980,29979,29980,29983,29984,29984,29985,29985,29986,29991,29992,29992,29988,29988,29989,29989,29990,29989,29991]} 1. Nf3 c5 2. b3 Nf6 3. Bb2 e6 4. e3 b6 5. d4 Bb7 6. Bd3 Be7 7. O-O O-O 8. Nbd2 d6 9. Qe2 a6 {A47: 1 d4 Nf6 2 Nf3 b6: Torre, London and Colle Systems} (9... Nbd7 10. c4 d5 11. Rfd1 Rc8 12. Rac1 cxd4 13. Nxd4 Nc5 14. Bb1 Qd7 15. N4f3 Rfd8 16. e4 dxc4 17. Nxc4 Qc7 18. Rxd8+ Rxd8 19. Nce5 Qd6 20. Ng5 {½-½ (105) Mikhalevski,V (2538)-Akobian,V (2647) Caleta 2018}) 10. Rad1 Nbd7 {[%cal Bb8d7,Bd7f8,Bf8e6,Be6c5][%mdl 32]} 11. c4 Qc7 12. Bb1 Rfe8 {LiveBook: 4 Games} 13. Rfe1 Rad8 14. Nf1 $146 ({Predecessor:} 14. Ng5 d5 15. cxd5 exd5 16. dxc5 bxc5 {½-½ (44) Cosic,M (2295)-Cebalo,M (2485) Pula 1993}) 14... Nf8 15. e4 cxd4 16. Bxd4 e5 17. Bb2 Ne6 18. g3 Nc5 19. N3d2 Qc8 20. f3 g6 21. Ne3 Nh5 22. Nd5 Bxd5 23. cxd5 b5 24. Rc1 Qd7 25. Bc2 Qa7 {And now ...Nd3+ would win.} 26. Kg2 Nd7 27. Bd3 Rc8 28. Red1 Nc5 29. Qf2 {b4 is the strong threat.} Qb7 30. Be2 Nf6 31. Qe3 Bd8 32. Ba3 {[%cal Ra3c5]} Bb6 33. Qh6 Qe7 (33... Ba7 $11) 34. Rc2 Rc7 35. Nf1 Rec8 36. Rdc1 Nb7 37. Qd2 Rxc2 38. Rxc2 Qd7 39. Qc1 Rxc2 40. Qxc2 Nc5 41. Bc1 Qa7 (41... Kg7 $142) 42. Bh6 ({White should play} 42. b4 $16) 42... Qc7 $14 43. Nd2 {[%cal Bf1d2,Bd2b1,Bb1c3][%mdl 32]} Ba5 44. Nb1 Bb6 45. a3 (45. Bd1 {is more complex.} Ba5 46. a3 b4 47. a4 Nfd7 48. Nd2) 45... Ncd7 46. Qxc7 Bxc7 47. Nc3 Bb6 48. Na2 Bd4 49. Nb4 Nc5 50. Bd1 Bb2 51. a4 bxa4 52. bxa4 Nfd7 53. Nc6 f6 54. Ne7+ Kf7 55. Nc8 Nb7 56. Be3 {Strongly threatening Be2.} Bd4 57. Kf2 Ndc5 58. Ke2 Bxe3 59. Kxe3 $11 {[%mdl 4096] Endgame KBN-KNN} Ke8 60. h4 (60. Kd2 $11) 60... Kd7 (60... Kd8 $1 $15 61. Na7 Na5) 61. Nb6+ Kc7 62. Nc4 Nd8 63. Bc2 Nf7 64. Kd2 Kd7 65. Kc3 Kc7 66. Kb4 Nd8 67. Ne3 Ndb7 68. Nc4 Kd7 69. Kc3 Kc7 70. Ne3 Kd7 71. Ng4 Ke7 72. Kb4 Nd7 73. Nf2 Ndc5 74. Bd1 Kd7 75. Ng4 Ke7 $1 76. Be2 Kf7 $1 77. Ne3 Ke7 78. Nc4 Kd7 $1 79. Na5 Kc7 (79... Nxa5 $14 80. Kxa5 f5) 80. Nc6 $16 Kb6 $2 {[%mdl 8192]} (80... g5 $16) 81. a5+ $18 Kc7 82. Ne7 Nd8 83. Ng8 f5 84. exf5 gxf5 85. Nf6 h6 86. Ng8 (86. f4 $142 {Threatens to win with fxe5.} exf4 87. gxf4) 86... Nf7 87. Ne7 f4 88. gxf4 exf4 89. Ng6 Kd7 $2 (89... Nd7 {is a better defense.} 90. Nxf4 (90. Bxa6 Nfe5 $16) 90... Nfe5 91. Bxa6 Nxf3 92. Ne6+ Kb8) 90. Nxf4 Ne5 {[#]} 91. Ng2 $2 (91. Ne6 $1 $18 {[%mdl 512]}) 91... Ke7 92. Ne3 {Black must now prevent Nf5+.} Kf6 {[#]} 93. Kc3 $1 h5 94. f4 Ng6 {[#]} 95. Bxh5 (95. Ng2 $1 $16) 95... Nxf4 $2 {[%mdl 8192]} ({Black should try} 95... Nxh4 $14 96. Be8 Ke7) 96. Bf3 Nb7 97. Nc4 Ng6 98. h5 {[%cal Bh4h5,Bh5h6][%mdl 32]} Ne5 $2 (98... Ne7 99. Kb4 Kg5) 99. Nxe5 Kxe5 {KB-KN} 100. Kb4 Kf5 101. Be2 {White mates.} Nc5 102. h6 Kg6 {[#]} 103. Bxa6 $1 {[%mdl 512]} Nxa6+ {KN-K3P} 104. Kb5 Nc7+ 105. Kc6 Na6 106. Kxd6 Kxh6 {KN-KPP} 107. Ke7 Nb4 108. Ke6 Kg7 109. d6 {[%cal Bd5d6,Bd6d7][%mdl 32]} Kf8 110. d7 Nc6 111. Kd6 Nd8 112. a6 {[%cal Ba5a6,Ba6a7][%mdl 32]} Nf7+ 113. Kc7 Ke7 114. a7 {Precision: White = 63%, Black = 52%.} 1-0

[Event "XVIII Najdorf Open 2018"]
[Site "Warsaw"]
[Date "2018.07.09"]
[Round "2"]
[White "Walter, Szymon"]
[Black "Bernadskiy, Vitaliy"]
[Result "1/2-1/2"]
[WhiteElo "2296"]
[BlackElo "2586"]
[Annotator "TA"]
[PlyCount "78"]
[EventDate "2018.07.08"]
[EventCountry "POL"]
[SourceTitle "playchess.com"]
[Source "ChessBase"]
[SourceQuality "1"]

{[%evp 11,78,24,25,22,22,0,28,29,20,21,24,21,29,0,8,3,8,12,12,13,14,5,0,16,53,0,22,26,69,54,59,68,50,41,39,31,41,34,61,0,0,0,45,45,45,41,58,66,54,61,41,52,127,132,128,116,124,16,133,8,18,-4,-4,-8,0,0,0,0,0]} 1. e4 c5 2. Nf3 Nc6 3. d4 cxd4 4. Nxd4 Qb6 5. Nb3 Nf6 6. Bd3 {B32: Sicilian: Löwenthal and Kalashnikov Variations} g6 {LiveBook: 5 Games} 7. Qe2 $146 (7. Be3 {keeps more tension.} Qd8 8. c4 d6 9. Nc3 Ng4 10. Bg5) ({Predecessor:} 7. c4 Bg7 8. Nc3 d6 9. Be3 Qd8 10. f3 O-O 11. O-O b6 12. Rc1 Bb7 13. Qd2 Rc8 {½-½ (47) Yu,R (2511)-Ni,H (2673) Ho Chi Minh City 2012}) 7... d6 8. Be3 Qc7 9. Nc3 Bg7 10. f4 O-O 11. O-O a6 12. Kh1 b5 13. a4 b4 14. Nd5 Nxd5 15. exd5 Na5 16. Qf2 {Black must now prevent Bb6.} Nxb3 17. cxb3 e6 18. Rac1 (18. dxe6 $14 Bxe6 19. f5 Bxb3 20. f6) 18... Qe7 19. Bd4 Bb7 {[%cal Bc8b7,Bb7d5,Bd5e4][%mdl 32]} 20. Bxg7 Kxg7 21. dxe6 Qxe6 22. Rc7 Bd5 $1 23. f5 Qf6 24. Qd2 {Threatens to win with fxg6.} g5 25. Bc4 (25. Bxa6 $14 Bxb3 26. Qxb4 Rxa6 27. Qxb3) 25... Be4 $11 26. Rd7 Rad8 27. Rxd8 Rxd8 28. Bxa6 d5 29. Bd3 $36 {[%mdl 2048] White has good play.} h6 30. Bxe4 dxe4 31. Qxb4 Qxf5 $14 {[%mdl 4096] Endgame [#] KQR-KQR} (31... e3 $14 32. Qe4 Qb6) 32. Qc4 $1 $16 Qd5 {[#]} 33. Qxd5 $1 Rxd5 {KR-KR} 34. g4 ({Better is} 34. Ra1 $16) 34... Rd3 (34... h5 $11 {keeps the balance.}) 35. Re1 ({White should play} 35. a5 $16) 35... Rxb3 $11 {The position is equal.} 36. Rxe4 Rxb2 37. Kg1 h5 38. h4 gxh4 39. gxh5 h3 {Precision: White = 58%, Black = 49%.} 1/2-1/2

[Event "XVIII Najdorf Open 2018"]
[Site "Warsaw"]
[Date "2018.07.09"]
[Round "2"]
[White "Szostko, Jakub"]
[Black "Sengupta, Deep"]
[Result "0-1"]
[WhiteElo "2295"]
[BlackElo "2565"]
[Annotator "TA"]
[PlyCount "136"]
[EventDate "2018.07.08"]
[EventCountry "POL"]
[SourceTitle "playchess.com"]
[Source "ChessBase"]
[SourceQuality "1"]

{[%evp 23,136,29,36,27,46,37,52,26,27,0,0,0,0,-7,0,-43,48,35,20,21,37,35,35,32,30,33,35,32,30,33,32,12,51,0,29,15,22,0,15,12,8,6,14,4,15,15,15,15,15,15,15,15,15,15,16,16,10,5,14,0,0,-52,0,-10,22,0,0,0,0,-450,-419,-434,-433,-433,-410,-926,-943,-843,-819,-819,-484,-819,-819,-819,-819,-819,-819,-29972,-29973,-29973,-29974,-29974,-29975,-29975,-29976,-29976,-29977,-29977,-29978,-29976,-29977,-29975,-29976,-29976,-29977,-29977,-29978,-29978,-29979,-29979,-29980,-29983,-29981,-29980,-29982]} 1. e4 e5 2. Nf3 Nc6 3. Bc4 Nf6 4. d3 Be7 5. O-O O-O 6. Re1 d6 7. a4 Na5 8. Ba2 {C55: Two Knights: 4 d3, 4 d4 exd4 5 e5 and Max Lange Attack} c5 9. Na3 (9. c3 Nc6 10. Na3 a6 11. Nc2 h6 12. Ne3 Re8 13. h3 Bf8 14. Nd5 Rb8 15. Be3 Be6 {½-½ (43) Van Foreest,J (2629)-Harikrishna,P (2744) Riadh 2017}) 9... h6 10. c3 Nc6 11. Bd2 Re8 12. Nc2 Bf8 {LiveBook: 5 Games} 13. b4 Be6 14. b5 Na5 $146 ({Predecessor:} 14... Bxa2 15. Rxa2 Ne7 {0-1 (58) Rose,M (2254)-Hebden,M (2460) England 2018}) 15. Bxe6 fxe6 16. Ne3 c4 $1 17. Nxc4 Nxc4 18. dxc4 Qc7 19. Qb3 (19. c5 $5) 19... a5 (19... Rac8 $15) 20. c5 Qxc5 21. c4 Nd7 22. Rac1 Qc7 23. Be3 Nc5 24. Qc2 Be7 25. Nd2 b6 26. Ra1 Rac8 27. Rec1 Qb7 28. g3 (28. Nb3 $14) 28... Bf6 29. h4 Qf7 30. Nb3 Nd7 31. Qd3 Be7 32. Rf1 Rc7 33. f3 Kh8 34. Rac1 Rec8 35. Kg2 Qg6 36. Kh2 Rd8 37. Qe2 Rb7 {[%cal Bc7b7,Bb7b8,Bb8c8][%mdl 32]} 38. Qf2 Rf8 39. Qg2 Qh5 40. Kg1 Rbb8 41. Rcd1 Rbc8 42. Rc1 (42. Qe2 $11) 42... Rf6 (42... d5 $1 $15) 43. Kf2 d5 {[#] Strongly threatening ...Ba3.} (43... Rcf8 {feels hotter.} 44. Ke2 R6f7 45. Nd2 Kg8 46. g4 Qg6) 44. cxd5 (44. g4 {keeps more tension.} Qxh4+ 45. Ke2 Rff8 46. exd5 exd5 47. cxd5 Rxc1 48. Rxc1 Bb4 49. Nd2) 44... Rxc1 $1 45. Rxc1 {dxe6 is the strong threat.} exd5 {White must now prevent ...Rf8.} 46. Bg5 $2 {[%mdl 8192]} (46. g4 $1 $11 {and White has nothing to worry.} Qxh4+ 47. Ke2) 46... hxg5 $19 47. hxg5 Qxg5 48. Qh3+ Qh6 ({Weaker is} 48... Rh6 49. Qxd7 Bc5+ 50. Kg2 $17) 49. Qxd7 (49. Qxh6+ $142 Rxh6 50. Rc7) 49... Qh2+ 50. Ke3 d4+ 51. Kd3 Rxf3+ 52. Kc4 Ba3 53. Kd5 Bxc1 (53... Rxb3 54. Rc8+ Kh7 55. Qf5+ g6 56. Qd7+ Kh6 57. Rh8+ Kg5 58. Rxh2) 54. Nxc1 {[%mdl 4096] Endgame KQR-KQN} d3 {Hoping for ...d2.} 55. Kc6 Qh6+ {Black mates.} 56. Kb7 Qxc1 57. Qe8+ Kh7 58. Qh5+ Kg8 59. Qxf3 {KQ-KQ} d2 60. Qb3+ Kh8 61. Qf7 d1=Q 62. Qf8+ Kh7 63. Qf5+ Kg8 64. Qe6+ Kh8 65. Qh3+ {[#]} Qh6 $1 66. Qc8+ Kh7 67. Qf5+ Qg6 68. Qh3+ Qgh5 {Precision: White = 44%, Black = 55%.} 0-1

[Event "XVIII Najdorf Open 2018"]
[Site "Warsaw"]
[Date "2018.07.09"]
[Round "2"]
[White "Pacan-milej, Kosma"]
[Black "Das, Arghyadip"]
[Result "0-1"]
[WhiteElo "2282"]
[BlackElo "2436"]
[Annotator "TA"]
[PlyCount "96"]
[EventDate "2018.07.08"]
[EventCountry "POL"]
[SourceTitle "playchess.com"]
[Source "ChessBase"]
[SourceQuality "1"]

{[%evp 12,96,0,-14,-14,-16,-22,-18,-29,-18,-1,0,0,102,-7,0,0,-2,30,0,0,0,0,-59,-60,-67,-68,-61,-68,-63,-64,-68,-72,-71,-63,-73,-75,-77,-82,-75,-79,-79,-81,-78,-73,-68,-37,-100,-107,-127,-112,-120,-112,-132,-119,-200,-125,-125,-125,-125,-125,-125,-125,-1231,-1027,-12835,-12835,-12836,-12836,-12837,-12837,-12841,-12839,-12840,-12839,-12841,-12841,-12851,-12851,-12851,-12851,-12851,-12851,-12851,-12851,-12851,-12851]} 1. e4 c5 2. Nf3 e6 3. b3 b6 4. d4 cxd4 5. Nxd4 Bb7 6. Nb5 {B40: Sicilian: 2...e6, Unusual lines} Nf6 (6... d5 7. exd5 a6 8. N5c3 exd5 9. Bd3 Nf6 10. O-O Be7 11. Ba3 Bxa3 12. Nxa3 O-O 13. Ne2 Qe7 {1-0 (56) Ivanchuk,V (2726)-Bocharov,D (2583) Riadh 2017}) 7. N1c3 {LiveBook: 6 Games} d5 8. Bf4 {The position is equal.} Bb4 9. a3 Bxc3+ $1 10. Nxc3 Nxe4 11. Nxe4 dxe4 12. Qxd8+ Kxd8 13. O-O-O+ Kc8 14. Bc4 $146 Nc6 15. Rd6 Rd8 16. Rhd1 Rxd6 17. Rxd6 (17. Bxd6 $11 Kd7 18. Bf8+ Kc7 19. Bd6+ Kd7 20. Bb5) 17... e5 $1 $36 {[%cal Re5f4][%mdl 2048] Black is pushing.} 18. Bg3 Kc7 19. Rd2 f6 20. Be6 Rd8 21. Bf5 $1 Ne7 22. Rxd8 Kxd8 23. Bxh7 $17 {[%mdl 4096] Endgame KBB-KBN} Ke8 {...Kf7 is the strong threat.} 24. Kd2 Kf7 {[#] Threatens to win with ...g6.} 25. h4 g6 {[%cal Bg7g6,Bg6h5][%mdl 32] aiming for ...Kg7.} 26. h5 gxh5 27. Ke3 Nd5+ 28. Kd2 Nc7 29. a4 (29. Ke3 $1 $15) 29... Ne8 30. Ke3 Nd6 {And now ...Kg7 would win.} 31. f3 exf3 32. gxf3 Bc8 {Strongly threatening ...Bf5.} 33. f4 (33. Be4 $17) 33... Bf5 34. fxe5 Bxh7 35. exd6 Bxc2 {KB-KB} 36. d7 Ke7 37. Bb8 $2 {[%mdl 8192]} (37. a5 $17) 37... Kxd7 $19 {Black is clearly winning.} 38. Bxa7 Kc7 39. a5 bxa5 40. Bd4 {[#]} f5 $1 41. Kf4 Kc6 42. Bf6 Kb5 43. Be7 Bxb3 44. Kxf5 Bd5 45. Kg5 Bf7 46. Kf4 Kc4 47. Ke3 Kb3 48. Kd2 Bg6 {Precision: White = 46%, Black = 76%.} 0-1

[Event "XVIII Najdorf Open 2018"]
[Site "Warsaw"]
[Date "2018.07.09"]
[Round "2"]
[White "Sliwicka, Alicja"]
[Black "Sieciechowicz, Marcin"]
[Result "1-0"]
[WhiteElo "2277"]
[BlackElo "2410"]
[Annotator "TA"]
[PlyCount "79"]
[EventDate "2018.07.08"]
[EventCountry "POL"]
[SourceTitle "playchess.com"]
[Source "ChessBase"]
[SourceQuality "1"]

{[%evp 22,79,-8,-8,0,0,0,-7,-1,-9,0,0,0,-13,0,-2,16,0,0,0,0,0,33,23,73,52,54,45,11,-179,-175,-191,0,0,0,0,0,0,0,0,301,309,450,441,442,441,424,423,1021,998,1116,1022,1279,790,1333,1315,29981,6216,5895,5828]} 1. e4 {[%cal Be2e4,Be4e5][%mdl 32]} e6 2. d4 d5 3. Nc3 Nf6 4. Bg5 Bb4 5. e5 h6 6. Be3 Ne4 7. Qg4 g6 8. a3 {C12: Französische Verteidigung (MacCutcheon-Variante)} h5 (8... Bxc3+ 9. bxc3 Nxc3 10. Bd3 b6 11. h4 Ba6 12. h5 g5 13. f4 gxf4 14. Bxf4 Kd7 15. Bd2 Ne4 16. Bxe4 dxe4 17. Qxe4 Kc8 {0-1 (76) Gashimov,V (2746)-Nakamura,H (2774) Monte Carlo 2011 CBM 142 [Mekhitarian,K]}) 9. Qh3 Bxc3+ 10. bxc3 c5 11. Bd3 Nxc3 12. dxc5 {LiveBook: 11 Partien} d4 13. Bd2 Nd7 14. Nf3 Nxc5 15. O-O Nxd3 16. cxd3 b6 $146 17. Bg5 Qd5 18. Rfe1 Bb7 19. Qh4 Rc8 20. Rac1 Rc5 21. Qf4 {zielt auf Df6 ab.} Rg8 22. h3 {[%mdl 1024] Weiss hat Kompensation.} Rc7 23. Kh2 Rd7 24. Rc2 Qc5 25. Rec1 $2 (25. Nd2 $11) 25... Bxf3 $1 $19 26. gxf3 Rd5 $2 (26... Qxa3 $19 {Droht stark ...b5.} 27. Qd2 Qa5 28. Rxc3 dxc3 29. Rxc3 f5 30. exf6 Qf5) 27. Qf6 $11 Qc7 {[#]} (27... Qxa3 $2 28. Ra1 $1 $18 {[%mdl 512]}) 28. Be3 $1 {[%cal Bg5e3,Be3d4,Bd4b2][%mdl 544]} Qe7 {[#]} ({Jedoch nicht} 28... Rxe5 $2 29. Bf4 $18) (28... dxe3 29. Rxc3) 29. Bxd4 $1 {[%mdl 512]} Qxf6 (29... Rxd4 30. Rxc3) 30. exf6 Nb5 $2 {[%mdl 8192] [#]} (30... Rxd4 $11 31. Rxc3 Kd7) 31. Bb2 $1 $18 g5 ({Ein No Go ist} 31... Rxd3 $6 32. Be5 $18) (31... Nd6 $142 32. Rc7 Rh8 33. Re7+ (33. Rxa7 Rh7 $18) 33... Kd8) 32. a4 Nd6 33. Rc7 Rg6 34. Rxa7 g4 (34... e5 $142 35. Rcc7 Ra5 36. Re7+ Kf8 37. Bxe5 Rxa7) 35. Rcc7 {Beabsichtigt Ta8+ und Matt.} Ra5 36. Re7+ Kd8 37. Rad7+ Kc8 38. Rxd6 gxf3 39. Rc6+ Kb8 40. Ba3 {Precision: Weiß = 84%, Schwarz = 48%.} 1-0

[Event "XVIII Najdorf Open 2018"]
[Site "Warsaw"]
[Date "2018.07.09"]
[Round "2"]
[White "Siekanski, Janusz"]
[Black "Krysztofiak, Marcin"]
[Result "0-1"]
[WhiteElo "2269"]
[BlackElo "2384"]
[Annotator "NA"]
[PlyCount "68"]
[EventDate "2018.07.08"]
[EventCountry "POL"]
[SourceTitle "playchess.com"]
[Source "ChessBase"]
[SourceQuality "1"]

1. d4 Nf6 2. c4 e6 3. Nc3 Bb4 4. e3 O-O 5. Bd3 d5 6. cxd5 exd5 7. Nge2 Bd6 8. Nb5 Be7 9. O-O a6 10. Nbc3 c5 11. Bd2 Nc6 12. Rc1 cxd4 13. exd4 Bg4 14. f3 Bh5 15. Bf4 Bg6 16. Bxg6 hxg6 17. Na4 Rc8 18. Qd2 Re8 19. a3 b5 20. Nc5 Nxd4 21. Qxd4 Bxc5 22. Rxc5 Rxc5 23. Qxc5 Rxe2 24. Rd1 Qe8 25. Rd2 Nh5 26. Bg5 Re5 27. Bh4 Nf4 28. h3 d4 29. Qd6 g5 30. Bg3 Rd5 31. Qxa6 Qe3+ 32. Kh1 Qxd2 33. Bxf4 Qe1+ 34. Kh2 Qe6 0-1

[Event "XVIII Najdorf Open 2018"]
[Site "Warsaw"]
[Date "2018.07.09"]
[Round "2"]
[White "Dhulipalla, Bala Chandra Prasad"]
[Black "Zylka, Stanislaw"]
[Result "1-0"]
[WhiteElo "2268"]
[BlackElo "2380"]
[Annotator "NA"]
[PlyCount "61"]
[EventDate "2018.07.08"]
[EventCountry "POL"]
[SourceTitle "playchess.com"]
[Source "ChessBase"]
[SourceQuality "1"]

1. d4 Nf6 2. c4 c5 3. d5 b5 4. cxb5 a6 5. bxa6 g6 6. Nc3 Bg7 7. Nf3 O-O 8. g3 d6 9. Bg2 Nbd7 10. O-O Nb6 11. Re1 Bxa6 12. Rb1 Nfd7 13. Nd2 Qc7 14. Qc2 c4 15. Rd1 Bb7 16. Nde4 Ra5 17. Bg5 f6 18. Be3 Nxd5 19. Nxd5 Bxd5 20. b4 Bxe4 21. Bxe4 Re5 22. Bd5+ Rxd5 23. Rxd5 e6 24. Ra5 Ne5 25. Ra7 Qc6 26. b5 Qd5 27. f3 f5 28. Qd1 Qxd1+ 29. Rxd1 c3 30. Rc7 Rf7 31. b6 1-0

[Event "XVIII Najdorf Open 2018"]
[Site "Warsaw"]
[Date "2018.07.09"]
[Round "2"]
[White "Dubinski, Mateusz"]
[Black "Lewtak, Damian"]
[Result "1/2-1/2"]
[WhiteElo "2245"]
[BlackElo "2358"]
[Annotator "NA"]
[PlyCount "67"]
[EventDate "2018.07.08"]
[EventCountry "POL"]
[SourceTitle "playchess.com"]
[Source "ChessBase"]
[SourceQuality "1"]

1. d4 Nf6 2. c4 e6 3. g3 c5 4. d5 exd5 5. cxd5 d6 6. Nc3 g6 7. Bg2 Bg7 8. Nf3 O-O 9. O-O Nbd7 10. Bf4 Qe7 11. Qc1 a6 12. Bh6 b5 13. Bxg7 Kxg7 14. Re1 b4 15. Na4 Nxd5 16. Nd2 Bb7 17. Nc4 Bc6 18. Qd1 Qe6 19. b3 Rab8 20. e4 N5b6 21. Naxb6 Nxb6 22. Nxd6 Rbd8 23. e5 Bxg2 24. Kxg2 Nc8 25. Rc1 Nxd6 26. exd6 Qxd6 27. Qxd6 Rxd6 28. Rxc5 Rb8 29. Re4 Rd2 30. Ra5 Rb6 31. Ra4 h5 32. h4 Rc2 33. Rf4 Kf8 34. Raxb4 1/2-1/2